| 000 | 00533nam a2200157Ia 4500 | ||
|---|---|---|---|
| 999 |
_c13226 _d13226 |
||
| 082 | _aRK.0162 | ||
| 100 | _aKhan, M. Rafiq | ||
| 245 | 0 |
_aEducation among Varanasi muslims : _bA study in the perspective of national integration\ M. Rafiq Khan and Muniza Rafiq Khan |
|
| 260 |
_c1993 _bICSSR, New Delhi |
||
| 300 | _av.p. | ||
| 650 | _aNATIONAL INTEGRATION - INDIA | ||
| 650 | _aMUSLIMS - EDUCATION - UTTAR PRADESH - VARANASI | ||
| 700 | _aKhan, Muniza Rafiq | ||
| 710 | _aGandhian Institute of Studies, Varanasi | ||
| 942 |
_cRP _2ddc |
||